Catálogo

Dioses, tumbas y sabios : (Registro nro. 19309)

Detalles MARC
000 -LEADER
fixed length control field 01084cam a2200277 i 4500
001 - CONTROL NUMBER
control field 19309
003 - CONTROL NUMBER IDENTIFIER
control field Mx-PuUPA
005 - DATE AND TIME OF LATEST TRANSACTION
control field 20240410103510.0
008 - FIXED-LENGTH DATA ELEMENTS--GENERAL INFORMATION
fixed length control field 140415s1954 mx a gr 001 0 spa d
040 ## - CATALOGING SOURCE
Original cataloging agency Mx-PuUPA
Language of cataloging spa
Transcribing agency Mx-PuUPA
Modifying agency Mx-PuUPA
Description conventions rda
041 1# - LANGUAGE CODE
Language code of text/sound track or separate title spa
Language code of original ger
100 1# - MAIN ENTRY--PERSONAL NAME
Personal name Ceram, C. W.,
Dates associated with a name 1915-1972
9 (RLIN) 12304
Relator term autor
240 10 - UNIFORM TITLE
Uniform title Götter, gräber und gelehrte. Roman der archäologie.
Language of a work Español
245 10 - TITLE STATEMENT
Title Dioses, tumbas y sabios :
Remainder of title la novela de la arquitectura /
Statement of responsibility, etc. C. W. Ceram ; traducción del alemán por Manuel Tamayo
264 #1 - PRODUCTION, PUBLICATION, DISTRIBUTION, MANUFACTURE, AND COPYRIGHT NOTICE
Place of production, publication, distribution, manufacture México, D.F. :
Name of producer, publisher, distributor, manufacturer Compañía Editorial Continental,
Date of production, publication, distribution, manufacture, or copyright notice [1954?]
300 ## - PHYSICAL DESCRIPTION
Extent 431 páginas, xxxii páginas de láminas :
Other physical details ilustraciones ;
Dimensions 23 cm
336 ## - CONTENT TYPE
Fuente rdacontent
Content type term texto
Content type code txt
337 ## - MEDIA TYPE
Source rdamedia
Media type term sin medio
Media type code n
338 ## - CARRIER TYPE
Source rdacarrier
Carrier type term volumen
Carrier type code nc
650 #7 - SUBJECT ADDED ENTRY--TOPICAL TERM
Topical term or geographic name entry element Arqueología
700 1# - ADDED ENTRY--PERSONAL NAME
Personal name Tamayo, Manuel,
Relator term traductor
765 08 - ORIGINAL LANGUAGE ENTRY
Main entry heading Ceram, C. W., 1915-1972
Title Götter, gräber und gelehrte. Roman der archäologie.
942 ## - ADDED ENTRY ELEMENTS (KOHA)
Source of classification or shelving scheme Dewey Decimal Classification
Koha item type Libro
Classification part 930.1
Item part C415
Existencias
Withdrawn status Lost status Source of classification or shelving scheme Damaged status Not for loan Collection code Home library Current library Shelving location Date acquired Source of acquisition Total Checkouts Full call number Barcode Date last seen Price effective from Koha item type
    Dewey Decimal Classification     General Biblioteca Karol Wojtyla Biblioteca Karol Wojtyla Sala general 03/12/2013 Compra   930.1 C415 1954 38771 05/01/2026 03/12/2013 Libro